Teoría de precios I

Na minha lista:
Detalhes bibliográficos
Autor principal: Fontaine, Ernesto R (Autor)
Formato: Livro
Idioma:espanhol
Publicado em: Santiago Pontificia Universidad Católica de Chile 1973
Edição:3a. ed
coleção:Trabajos Docentes, 10
Assuntos:
Tags: Adicionar Tag
Sem tags, seja o primeiro a adicionar uma tag!

MARC

LEADER 00000nam a2200000 a 4500
001 UCR7759
003 CL-VaPUC
008 980519e19730600CL |||||||||||||||||spa|d
082 0 4 |a 338.5201  |b FON  |2 21 
100 0 |a Fontaine, Ernesto R  |e author  |9 409182 
245 1 0 |a Teoría de precios I 
250 |a 3a. ed 
300 |a v 
942 |c BK 
945 |d 19980519 00:00:00  |a crobeson 
260 |a Santiago  |b Pontificia Universidad Católica de Chile  |c 1973 
650 7 |a TEORIA DE LOS PRECIOS  |2 CL-VaPUC  |9 409183 
650 0 |a Precios   |9 260787 
650 0 |a Economía   |9 255568 
650 0 |a Oferta y demanda  |9 255571 
583 |a last modification  |c 20111003 02:20:43  |k Rodrigo Vera 
490 0 |a Trabajos Docentes, 10 
999 |c 269345  |d 269343 
952 |0 0  |1 0  |4 0  |6 338_520100000000000_FON_1973  |7 0  |8 A  |9 303067  |a BIBENE  |b BIBENE  |d 2019-11-20  |h v.2  |i 1994409  |o 338.5201 FON 1973  |p 1994409  |r 2025-01-15  |w 2019-11-20  |y BK  |k ICO 
952 |0 0  |1 0  |4 0  |6 338_520100000000000_FON_1973  |7 0  |8 A  |9 303068  |a BIBENE  |b BIBENE  |d 2019-11-20  |h v.1  |i 1402544  |o 338.5201 FON 1973  |p 1402544  |r 2025-01-15  |w 2019-11-20  |y BK  |k ICO